Historia cultural del Japón: una perspectiva / Yataka Tazawa (Registro nro. 5913)

Detalles MARC
000 -LEADER
fixed length control field 00434nam a22001691a 4500
001 - CONTROL NUMBER
control field 5913
003 - CONTROL NUMBER IDENTIFIER
control field OSt
005 - DATE AND TIME OF LATEST TRANSACTION
control field 20260204212033.0
008 - FIXED-LENGTH DATA ELEMENTS--GENERAL INFORMATION
fixed length control field 060216s1985||||ja ||||||b||||||||||spa||
050 ## - LIBRARY OF CONGRESS CALL NUMBER
Classification number 652 H629c
245 ## - TÍTULO PROPIAMENTE DICHO: SUBTÍTULO
Title Historia cultural del Japón: una perspectiva / Yataka Tazawa
250 ## - MENCIÓN DE EDICIÓN
Edition statement 2
264 ## - PRODUCTION, PUBLICATION, DISTRIBUTION, MANUFACTURE, AND COPYRIGHT NOTICE
Place of production, publication, distribution, manufacture Japón : Menisterio de Relaciones Exteriores
300 ## - PHYSICAL DESCRIPTION
Extensión 120 p
650 ## - ASIENTO SECUNDARIO DE MATERIA -- TERMINO TEMÁTICO
Termino Temático Como Elemento de Entrada 1.Historia - JaponÌ
942 ## - ADDED ENTRY ELEMENTS (KOHA)
Source of classification or shelving scheme Dewey Decimal Classification
Koha item type Libros
Existencias
Withdrawn status Lost status Source of classification or shelving scheme Damaged status Not for loan Current library Date acquired Total Checkouts Full call number Barcode Date last seen Price effective from Koha item type
    Dewey Decimal Classification     Biblioteca UTECO 09/09/2019   652 H629C 010694 09/09/2019 09/09/2019 Libros
© 2021 Derechos Reservados UTECO - Teléfono: +1 809-585-2291 - Correo electrónico: biblioteca@uteco.edu.do​  
Código postal 43000 ​​
Dirección: Avenida Universitaria No. 100, 
Cotuí, Provincia Sánchez Ramírez, República Dominicana - RNC: 404-00059-6